Statistics for Did You Even Watch - The Crown?

Click here to take the quiz!

General Stats

  • This quiz has been taken 6,489 times
  • The average score is 12 of 15

Answer Stats

QuestionAnswer% Correct
What did Queen Elizabeth say made her "truly happy"?Breeding and racing horses
96%
What disorder did Princess Diana suffer from, according to the show?Bulimia
92%
What is the name of Queen Elizabeth's only daughter?Anne
91%
Who was Queen Elizabeth's only sibling?Margaret
91%
How did Prince Charles feel when Princess Diana danced to "Uptown Girl" for him at the Royal Opera House?Displeased
89%
By what nickname is Elizabeth known to her close relations?Lilibet
89%
Who was NOT invited to the coronation of Queen Elizabeth?Duke of Windsor and Wallis Simpson
88%
Where did Prince Philip's mother live before being brought to Buckingham Palace?A convent in Athens
83%
Who was assassinated by Irish terrorists?Lord Mountbatten
83%
What killed thousands of people in London over a few days in 1952?Smog
80%
What language did Prince Charles learn for political reasons?Welsh
80%
Who did Diana go on a date with to see "Apollo 13"?a Pakistani surgeon
76%
What did Kate Middleton's mom do?Owned a party supplies company
72%
What's the correct way to address Queen Elizabeth when you first meet her?Your Majesty
66%
What was Margaret Thatcher's son Mark doing when he disappeared?Racing in the Paris-Dakar rally
65%

Score Distribution

Percentile by Number Answered

Percent of People with Each Score

Your Score History

You have not taken this quiz